Tecnologías, políticas y medidas para mitigar el cambio climático / (Registro nro. 8067)

Detalles MARC
000 -CABECERA
Campo de control interno 01909nam a2200241Ia 4500
008 - ELEMENTOS DE LONGITUD FIJA - INFORMACIÓN GENERAL
Campo de control de longitud fija 260220t1996||||xx |||||||||||||| ||spa||
040 ## - FUENTE DE CATALOGACIÓN
Agencia de catalogación original PY-SlUNAC
Idioma de catalogación spa
Convenciones de descripción rda
041 ## - CÓDIGO DE IDIOMA
Código de idioma para texto/pista de sonido o título separado spa
082 ## - NÚMERO DE CLASIFICACIÓN DECIMAL DEWEY
Clasificación Decimal Dewey (CDD) 551.6
Clasificación Expansiva de Cutter (EC) T227t
100 ## - ASIENTO PRINCIPAL - NOMBRE PERSONAL
Nombre personal Watson, Robert T.
Rol del autor Autor
245 #0 - TÍTULO
Título Tecnologías, políticas y medidas para mitigar el cambio climático /
Mención de responsabilidad por Robert T. Watson [Editor]
264 ## - PIE DE IMPRENTA
Lugar [Lugar de publicación no identificado] :
Editorial Grupo Intergubernamental de Expertos sobre el Camb,
Año ℗1996.
300 ## - DESCRIPCIÓN FÍSICA
Páginas 1 volumen
520 ## - NOTA DE RESUMEN
Nota de resumen El libro de Robert T. Watson aborda las diversas tecnologías, políticas y estrategias necesarias para mitigar el cambio climático, un desafío global crítico. A través de un análisis exhaustivo de las interacciones entre actividades humanas y el medio ambiente, el autor examina cómo las innovaciones tecnológicas pueden contribuir a la reducción de emisiones de gases de efecto invernadero. Además, se discuten las políticas públicas que deben implementarse para apoyar estas tecnologías y fomentar un desarrollo sostenible. Watson destaca la importancia de la cooperación internacional y el compromiso de los gobiernos para establecer medidas efectivas que promuevan la transición hacia energías limpias y renovables. También se enfatiza el papel esencial de la educación y la concienciación en la lucha contra el cambio climático, así como la necesidad de medir y evaluar continuamente el impacto de las acciones emprendidas. En conjunto, el libro proporciona un marco integral para entender y abordar los retos del cambio climático mediante un enfoque multidisciplinario y colaborativo.
653 ## - MATERIA - TÉRMINO TEMÁTICO NO CONTROLADO (PALABRAS CLAVE)
Materia - término temático no controlado (palabras clave) Cambio climático
653 ## - MATERIA - TÉRMINO TEMÁTICO NO CONTROLADO (PALABRAS CLAVE)
Materia - término temático no controlado (palabras clave) Políticas ambientales
653 ## - MATERIA - TÉRMINO TEMÁTICO NO CONTROLADO (PALABRAS CLAVE)
Materia - término temático no controlado (palabras clave) Tecnología
942 ## - ELEMENTOS PERSONALIZADOS (KOHA)
Fecha catalogación 2026/02/17
Tipo de documento Libros
Existencias
Fuente de Clasificacion Colección Ubicacion permanente Biblioteca actual Fecha de Ingreso a la Biblioteca Origen de adquisición Código de ubicación Código de barras Tipo de Item KOHA Nota pública
Dewey Decimal Classification Colección General (CG) Biblioteca e Internet, Facultad de Ciencias Exactas y Naturales Biblioteca e Internet, Facultad de Ciencias Exactas y Naturales 02/20/2026 Donación 551.6 T227t CG1427 Libros Material disponible en la Biblioteca e Intenet, Campus UNA, San Lorenzo.